Estatísticas para Malta

Clique aqui para jogar o quiz

Estatísticas Gerais

  • Esse quiz foi jogado 11 vezes
  • A pontuação média é 5 de 13

Estatísticas das Respostas

HintResposta% Correto
Qual é a sua moeda?Euro
100%
Qual é a sua religião?Cristianismo
88%
Onde fica?Europa
88%
De que país é independente?Reino Unido
88%
Qual é a sua capital?Valeta
88%
Qual é o seu idioma?Inglês
75%
Como se chama a cerveja produzida pelo próprio país?Cisk
13%
Qual é a sua cidade mais populosa?Baía de São Paulo
0%
Qual é a sua bebida típica?Kinnie
0%
Como se chama o barco tradicional do país?Luzzu
0%
Qual é o seu prato típico?Pastizzi
0%
Qual é o seu ponto mais alto?Ta'Dmejrek
0%
Como se chama a vila que foi criada para gravar o filme Popeye?Vila Popeye
0%

Distribuição das Pontuações

Percentil de Números Respondidos

Porcentagem de Pessoas com Cada Pontuação

Sua Pontuação Histórica

Você não jogou esse quiz